Biostatistical analysis
This book combines useful explanations of statistical methods in the biological sciences with statistical graphs and tables frequently employed by researchers. It requires no previous knowledge of statistics and can be used as a reference tool for those looking for information on population sampling...
Zapisane w:
| 1. autor: | |
|---|---|
| Format: | Książka |
| Język: | Undetermined |
| Wydane: |
Upper Saddle River, N.J.
Prentice-Hall/Pearson
c2010
|
| Hasła przedmiotowe: | |
| Etykiety: |
Dodaj etykietę
Nie ma etykietki, Dołącz pierwszą etykiete!
|
| Thư viện lưu trữ: | Trung tâm Học liệu Trường Đại học Cần Thơ |
|---|
| LEADER | 00893nam a2200205Ia 4500 | ||
|---|---|---|---|
| 001 | CTU_145031 | ||
| 008 | 210402s9999 xx 000 0 und d | ||
| 020 | |c 130.67 | ||
| 082 | |a 570.15195 | ||
| 082 | |b Z36 | ||
| 100 | |a Zar, Jerrold H. | ||
| 245 | 0 | |a Biostatistical analysis | |
| 245 | 0 | |c Jerrold H. Zar | |
| 260 | |a Upper Saddle River, N.J. | ||
| 260 | |b Prentice-Hall/Pearson | ||
| 260 | |c c2010 | ||
| 520 | |a This book combines useful explanations of statistical methods in the biological sciences with statistical graphs and tables frequently employed by researchers. It requires no previous knowledge of statistics and can be used as a reference tool for those looking for information on population sampling, frequency analysis, probabilities, and more | ||
| 650 | |a Biometry,Sinh trắc học | ||
| 904 | |i Huỳnh Mai | ||
| 980 | |a Trung tâm Học liệu Trường Đại học Cần Thơ | ||